Communication engineering
Chapter 1. Fundamental principles of communication networks, Chapter 2. Methods of network - behavior analysis, Chapter 3. Steady - state analysis and network theorems, Chapter 4. Resonance,...
Đã lưu trong:
| Príomhúdar: | |
|---|---|
| Formáid: | Leabhar |
| Teanga: | Undetermined |
| Foilsithe: |
New York
McGraw-Hill
1956
|
| Ábhair: | |
| Clibeanna: |
Cuir Clib Leis
Gan Chlibeanna, Bí ar an gcéad duine leis an taifead seo a chlibeáil!
|
| Thư viện lưu trữ: | Trung tâm Học liệu Trường Đại học Cần Thơ |
|---|
| LEADER | 00711nam a2200193Ia 4500 | ||
|---|---|---|---|
| 001 | CTU_219377 | ||
| 008 | 210402s9999 xx 000 0 und d | ||
| 082 | |a 621.38 | ||
| 082 | |b E93 | ||
| 100 | |a Everitt, William Littell | ||
| 245 | 0 | |a Communication engineering | |
| 245 | 0 | |c W. L. Everitt, G. E. Anner | |
| 260 | |a New York | ||
| 260 | |b McGraw-Hill | ||
| 260 | |c 1956 | ||
| 520 | |a Chapter 1. Fundamental principles of communication networks, Chapter 2. Methods of network - behavior analysis, Chapter 3. Steady - state analysis and network theorems, Chapter 4. Resonance,... | ||
| 650 | |a Telecommunication,Viễn thông | ||
| 904 | |i Hải | ||
| 980 | |a Trung tâm Học liệu Trường Đại học Cần Thơ | ||